[Event "Provincial-ch Vila Real"]
[Site "Vila Real"]
[Date "2014.11.08"]
[Round "5.2"]
[White "Gallego Mora, Salvador"]
[Black "Romero Calduch, Sergio"]
[Result "0-1"]
[WhiteElo "1928"]
[BlackElo "2179"]
[PlyCount "94"]
[EventDate "2014.09.27"]
[EventType "swiss"]
[EventRounds "7"]
[EventCountry "ESP"]
[SourceTitle "EXT 2024"]
[Source "ChessBase"]
[SourceDate "2023.10.10"]
[SourceVersion "1"]
[SourceVersionDate "2023.10.10"]
[SourceQuality "1"]

1. e4 e6 2. d4 d5 3. exd5 exd5 4. Nf3 Bd6 5. c4 Bb4+ 6. Nc3 Nf6 7. Qb3 Nc6 8. cxd5 Nxd5 9. Bb5 Be6 10. Bxc6+ bxc6 11. 0-0 Bxc3 12. bxc3 Ne3 13. Qa4 Nxf1 14. Qxc6+ Kf8 15. Ba3+ Kg8 16. c4 Qe8 17. Qxe8+ Rxe8 18. d5 Nxh2 19. Kxh2 Bc8 20. Nd4 a6 21. Nc6 h6 22. Ne7+ Kh7 23. f3 Bd7 24. d6 c6 25. Rb1 Rb8 26. Rb3 Rxb3 27. axb3 a5 28. b4 axb4 29. Bxb4 Ra8 30. c5 Ra2 31. Bc3 Rc2 32. Bd4 Rc4 33. Bf2 g5 34. g3 f5 35. Kg2 Kg7 36. Kf1 Rc2 37. f4 gxf4 38. gxf4 h5 39. Ke1 Rc4 40. Be3 h4 41. Kf1 h3 42. Kg1 Kf7 43. Kh2 Rc2+ 44. Kh1 h2 45. Bd4 Be6 46. Be3 Bc4 47. Bd4 Bd3 0-1

[Event "Provincial-ch Vila Real"]
[Site "Vila Real"]
[Date "2014.10.18"]
[Round "4.4"]
[White "Gallego Mora, Salvador"]
[Black "Ventura Monfort, Javier"]
[Result "1-0"]
[WhiteElo "1928"]
[BlackElo "1798"]
[PlyCount "143"]
[EventDate "2014.09.27"]
[EventType "swiss"]
[EventRounds "7"]
[EventCountry "ESP"]
[SourceTitle "EXT 2024"]
[Source "ChessBase"]
[SourceDate "2023.10.10"]
[SourceVersion "1"]
[SourceVersionDate "2023.10.10"]
[SourceQuality "1"]

1. e4 c5 2. Nf3 d6 3. d4 cxd4 4. Qxd4 a6 5. Nc3 Nc6 6. Qa4 Bd7 7. Be3 b5 8. Qb3 Nf6 9. Ng5 e6 10. a3 Ng4 11. Na2 Be7 12. Nf3 Na5 13. Qd3 Nc4 14. Bc1 Qb6 15. Qe2 0-0 16. h3 Nge5 17. Nxe5 dxe5 18. Nb4 Rac8 19. Nd3 Qc7 20. c3 f5 21. exf5 exf5 22. Nb4 Qb7 23. Qf3 e4 24. Bxc4+ Rxc4 25. Qd1 e3 26. Bxe3 Bxb4 27. axb4 Qxg2 28. Rf1 f4 29. Qxd7 fxe3 30. 0-0-0 exf2 31. Qe6+ Kh8 32. Qxa6 Qg5+ 33. Kc2 Qf5+ 34. Kc1 Rfc8 35. Rd2 Rf8 36. Rfxf2 Rf4 37. Rxf4 Qxf4 38. Qxb5 Qe3 39. Qc5 Qe1+ 40. Kc2 Qe4+ 41. Rd3 Re8 42. Qd5 Qe2+ 43. Kb3 h6 44. b5 Re5 45. Qd8+ Kh7 46. c4 Re3 47. Rxe3 Qxe3+ 48. Kb4 Qxh3 49. b6 Qe3 50. b7 Qe1+ 51. Kb5 Qe5+ 52. Kc6 Qe6+ 53. Kb5 Qe5+ 54. Ka6 Qe6+ 55. Ka7 Qxc4 56. b8Q Qa4+ 57. Kb7 Qb5+ 58. Kc8 Qc6+ 59. Qdc7 Qe8+ 60. Kb7 Qb5+ 61. Qb6 Qd5+ 62. Ka6 Qa2+ 63. Qa5 Qc4+ 64. Qab5 Qe6+ 65. Ka5 Qa2+ 66. Qa4 Qd5+ 67. Kb4 Qd2+ 68. Ka3 Qd3+ 69. Qbb3 Qd6+ 70. Ka2 Qd8 71. Qf7 Qc8 72. Qe4+ 1-0

[Event "Valencia Provincial CA"]
[Site "Valencia"]
[Date "2009.01.24"]
[Round "3.5"]
[White "David Diez, Juan Leopoldo"]
[Black "Gallego Mora, Salvador"]
[Result "0-1"]
[WhiteElo "2045"]
[BlackElo "1795"]
[PlyCount "26"]
[EventDate "2009.01.10"]
[EventType "team-tourn"]
[EventRounds "4"]
[EventCountry "ESP"]
[SourceTitle "EXT 2011"]
[Source "ChessBase"]
[SourceDate "2010.11.26"]
[SourceVersion "1"]
[SourceVersionDate "2010.11.26"]
[SourceQuality "1"]

1. Nf3 Nc6 2. d4 d5 3. c4 e6 4. Nc3 Bb4 5. Bf4 Nf6 6. a3 Bxc3+ 7. bxc3 Ne4 8. Qc2 f5 9. h4 dxc4 10. Nd2 Nxd4 11. cxd4 Qxd4 12. 0-0-0 Nxf2 13. Rh3 Nxd1 0-1